00311nam a2200121Ia 4500008004100000100001200041245004300053260004100096300000900137650001900146942000700165999001700172190216s9999||||xx |||||||||||||| ||und|| aJha D K 0aFeudal Social Formation In Early India b"Chanakya Publications, Delhi"c1987 a427p aIndian History cBK c20168d20168